| 000 | 00576nam a2200217Ia 4500 | ||
|---|---|---|---|
| 003 | 0100 | ||
| 008 | 130303s9999 xx 000 0 und d | ||
| 040 | _cARRUPELIB | ||
| 050 | _aPR2759.C34 | ||
| 100 | _aShakespeare, William | ||
| 245 | 4 | _aThe living Shakespeare | |
| 245 | _btwenty-two plays the sonnets | ||
| 260 | _aNY | ||
| 260 | _bMacmillan | ||
| 260 | _C1949 | ||
| 300 | _a1239p | ||
| 650 | _bCatholic Church in South Africa--History | ||
| 650 | _cOblates of Mary Immaculate in South Africa--History | ||
| 700 | _aed. by Oscar James Campbell | ||
| 942 | 0 | 0 | _01 |
| 999 |
_c56973 _d56973 |
||